| 000 | 00678nam a22001935i 4500 | ||
|---|---|---|---|
| 001 | 68468 | ||
| 003 | ES-MaACL | ||
| 005 | 20230906170306.0 | ||
| 007 | t| | ||
| 008 | 960805s1898 sp ||||1| spa d | ||
| 040 |
_aCAM _bspa _cCAM |
||
| 100 | 1 |
_aGarcía Tejado, Andrés. _955322 |
|
| 245 | 1 | 0 |
_aDe la viruela y su tratamiento _b: tesis para el grado de doctor / _cpor Andrés García Tejado. |
| 260 |
_aMadrid : _b[s.n.], _c1898 ( _fImp. y lit. de Leonardo Miñón) |
||
| 300 |
_a30 p. ; _c22 cm. |
||
| 594 | _aPrecede al tít.: Facultad de Medicina. | ||
| 650 | 4 |
_aViruela. _9136988 |
|
| 852 |
_aES-MaACL _jT-858-F-4 _z.- Enc. en un vol. facticio conservando la enc. original |
||
| 999 |
_c68468 _d68468 |
||